000 00555nam a2200169 i 4500
001 96606
003 ES-MaACL
005 20230906181939.0
007 t|
008 050628s1931 ve ||||1| spa d
100 1 _aMaldonado, Victor V.
_975718
245 1 0 _aConferencia dictada
_b: Caracas, Venezuela 9 de Octubre 1931 /
_cpor el Sr.D. Victor V. Maldonado.
260 _aCaracas :
_bTip. Americana,
_c1931.
300 _a80 p. ;
_c20 cm.
500 _aPrecede al tít.: Ministerio de Salubridad y de Agricultura y Cría.
852 _aES-MaACL
_j1756-F-8
999 _c96606
_d96606